How to do everything with Photoshop 7 (Record no. 6787)
[ view plain ]
| 000 -LEADER | |
|---|---|
| fixed length control field | 00658 a2200193 4500 |
| 020 ## - INTERNATIONAL STANDARD BOOK NUMBER | |
| International Standard Book Number | 0072195541 |
| 035 ## - SYSTEM CONTROL NUMBER | |
| System control number | (OCoLC)ocm50237804 |
| 040 ## - CATALOGING SOURCE | |
| Original cataloging agency | DLC |
| Language of cataloging | DLC |
| 082 00 - DEWEY DECIMAL CLASSIFICATION NUMBER | |
| Classification number | 006.891 |
| 100 1# - MAIN ENTRY--PERSONAL NAME | |
| Personal name | McCanna, Laurie. |
| 245 10 - TITLE STATEMENT | |
| Title | How to do everything with Photoshop 7 |
| Statement of responsibility, etc. | Laurie McCanna. |
| 246 30 - VARYING FORM OF TITLE | |
| Title proper/short title | Photoshop 7 |
| 260 ## - PUBLICATION, DISTRIBUTION, ETC. | |
| Place of publication, distribution, etc. | New York : |
| Name of publisher, distributor, etc. | McGraw-Hill/Osborne, |
| Date of publication, distribution, etc. | 2002. |
| 300 ## - PHYSICAL DESCRIPTION | |
| Extent | xvii, 341 p. : |
| Other physical details | ill. ; |
| Dimensions | 24 cm. |
| 650 #0 - SUBJECT ADDED ENTRY--TOPICAL TERM | |
| Topical term or geographic name entry element | Computer graphics. |
| 856 41 - ELECTRONIC LOCATION AND ACCESS | |
| Materials specified | Table of contents |
| Uniform Resource Identifier | <a href="http://www.loc.gov/catdir/toc/mh031/2002727003.html">http://www.loc.gov/catdir/toc/mh031/2002727003.html</a> |
| 856 41 - ELECTRONIC LOCATION AND ACCESS | |
| Materials specified | Publisher description |
| Uniform Resource Identifier | <a href="http://www.loc.gov/catdir/description/mh031/2002727003.html">http://www.loc.gov/catdir/description/mh031/2002727003.html</a> |
| 942 ## - ADDED ENTRY ELEMENTS (KOHA) | |
| Koha item type | Book |
| Call number prefix | 006.891 MCC |
| Source of classification or shelving scheme | |
| Withdrawn status | Lost status | Damaged status | Not for loan | Collection code | Permanent Location | Current Location | Shelving location | Date acquired | Source of acquisition | Cost, normal purchase price | Total Checkouts | Full call number | Barcode | Date last seen | Date last checked out | Price effective from | Koha item type |
|---|---|---|---|---|---|---|---|---|---|---|---|---|---|---|---|---|---|
| Central Library (CL) | Central Library (CL) | First Floor - Machine Learning/Computer Graphics | 09/02/2003 | New Public Book | 1567.17 | 1 | 006.891 MCC | SEECS003793 | 02/15/2016 | 01/15/2016 | 01/05/2017 | Book |
